Most Common Words In English Starting With S - Statistics

General Stats
  • This quiz has been taken 10,122 times
  • The average score is 107 of 335
Answer Stats
Word % Correct
so
98%
see
92%
sin
89%
sea
85%
say
84%
she
84%
sit
82%
star
82%
some
80%
sun
80%
son
79%
sad
78%
same
76%
sing
74%
sell
72%
save
70%
sand
69%
safe
67%
start
67%
send
66%
set
66%
show
66%
stand
66%
sale
65%
stop
65%
ski
62%
shop
60%
sex
59%
seem
58%
should
58%
six
58%
stay
58%
sure
57%
share
56%
store
56%
salt
55%
seven
55%
shine
55%
sleep
55%
something
55%
song
55%
speak
55%
school
54%
shall
54%
ship
54%
summer
54%
slow
53%
still
52%
seat
51%
short
50%
sick
50%
sign
50%
someone
50%
soon
50%
simple
49%
sweet
49%
seek
48%
soup
48%
state
48%
steal
48%
stick
48%
sort
47%
shoot
46%
somewhere
46%
soul
46%
sport
46%
stare
46%
super
46%
side
45%
sound
45%
step
45%
swim
45%
shape
44%
sir
44%
sister
44%
slip
44%
somebody
44%
sorry
44%
shake
43%
shower
43%
smile
43%
score
42%
seed
42%
serve
42%
shell
42%
shore
42%
shot
42%
spend
42%
street
42%
safety
41%
sake
41%
second
41%
shoe
41%
small
41%
strong
41%
sky
40%
smell
40%
snow
40%
soft
40%
spin
40%
sample
39%
sigh
39%
since
39%
stock
39%
stone
39%
swear
39%
singer
38%
scene
37%
shut
37%
sometimes
37%
space
37%
spot
37%
such
37%
suffer
37%
search
36%
sense
36%
service
36%
shade
36%
shirt
36%
sink
36%
spring
36%
self
35%
similar
35%
south
35%
strip
35%
sugar
35%
swing
35%
single
34%
site
34%
somehow
34%
study
34%
sudden
34%
skill
33%
slide
33%
special
33%
speed
33%
steel
33%
story
33%
support
33%
salad
32%
science
32%
several
32%
sheet
32%
shopping
32%
sight
32%
silver
32%
skin
32%
strange
32%
severe
31%
shock
31%
shout
31%
smart
31%
soil
31%
stair
31%
straight
31%
suit
31%
serious
30%
strike
30%
suppose
30%
saving
29%
scream
29%
sharp
29%
size
29%
storm
29%
string
29%
student
29%
suddenly
29%
suggest
29%
setting
28%
settle
28%
shift
28%
staff
28%
stage
28%
stuff
28%
success
28%
surprise
28%
season
27%
simply
27%
style
27%
system
27%
scared
26%
secret
26%
secure
26%
sentence
26%
shelf
26%
shoulder
26%
signal
26%
stir
26%
stream
26%
surely
26%
sauce
25%
scale
25%
security
25%
separate
25%
somewhat
25%
sue
25%
section
24%
sexual
24%
slave
24%
solve
24%
statement
24%
station
24%
supply
24%
sacred
23%
sales
23%
shadow
23%
situation
23%
slight
23%
smoke
23%
solid
23%
source
23%
stake
23%
stupid
23%
suggestion
23%
select
22%
silence
22%
silent
22%
slowly
22%
stranger
22%
strength
22%
successful
22%
salary
21%
scheme
21%
scholar
21%
scientist
21%
sensitive
21%
series
21%
slice
21%
soccer
21%
southern
21%
spirit
21%
standard
21%
subject
21%
suspect
21%
switch
21%
scope
20%
seriously
20%
social
20%
solution
20%
Spanish
20%
spread
20%
standing
20%
storage
20%
surface
20%
specific
19%
speech
19%
stress
19%
survive
19%
sustain
19%
satisfy
18%
schedule
18%
scientific
18%
selection
18%
snap
18%
soldier
18%
speaker
18%
stable
18%
secretary
17%
senior
17%
session
17%
settlement
17%
solar
17%
species
17%
square
17%
stroke
17%
succeed
17%
surround
17%
sequence
16%
shooting
16%
society
16%
sweep
16%
satisfaction
15%
scandal
15%
significant
15%
smooth
15%
submit
15%
surgery
15%
sector
14%
seize
14%
shortly
14%
slightly
14%
successfully
14%
sufficient
14%
summit
14%
scholarship
13%
segment
13%
shelter
13%
similarly
13%
spending
13%
split
13%
steady
13%
substance
13%
supporter
13%
surprising
13%
survey
13%
script
12%
Senate
12%
senator
12%
statistics
12%
status
12%
Supreme
12%
survival
12%
specifically
11%
struggle
11%
supposed
11%
surprised
11%
survivor
11%
symbol
11%
sanction
10%
significance
10%
stomach
10%
stretch
10%
scenario
9%
shrug
9%
significantly
9%
specialist
9%
squeeze
9%
strategy
9%
studio
9%
Soviet
8%
strongly
8%
symptom
8%
satellite
7%
stability
7%
structure
7%
suicide
7%
surprisingly
7%
software
6%
sophisticated
6%
spiritual
6%
strengthen
6%
strategic
5%
subsequent
5%
substantial
5%
spokesman
4%
No matching quizzes found
Score Distribution
Percent of People with Each Score
Percentile by Number Answered
Your Score History
You have not taken this quiz